Random Nfl questions quiz - Statistics

General Stats
  • This quiz has been taken 40 times
  • The average score is 4 of 9
Answer Stats
Hint Answer % Correct
how many times have the dallas cowboys been to the superbowl 5
88%
what team won three super bowls in the 1990s Dallas Cowboys
85%
what nfl team was originally named the New York Titans jets
85%
what are the two nfl conferences that make up the nfl afc and nfc
74%
in 1993 was nfl team made offseason trades for joe montana and marcus allen Kansas City Chiefs
74%
who was the first pick in 1936 nfl draft Jay Berwanger
12%
which nfl team has the highest salary cap Tennessee Titans
9%
what is highest scoring game in nfl history 72 score in 1966
0%
who was the first player to rush for 1,000 yards in a season Ladainian Tomlinson
0%
No matching quizzes found
Score Distribution
Percent of People with Each Score
Percentile by Number Answered
Your Score History
You have not taken this quiz